| 000 | 00507cam a2200145 4500500 | ||
|---|---|---|---|
| 005 | 20260208005511.0 | ||
| 041 | _afre | ||
| 042 | _adc | ||
| 100 | 1 | 0 |
_aSénac, Philippe _eauthor |
| 245 | 0 | 0 | _aRoger Collins, Caliphs and Kings, Spain, 796-1031, Oxford, Wiley-Blackwell, 2012, 314 p. |
| 260 | _c2014. | ||
| 500 | _a2 | ||
| 786 | 0 | _nRevue historique | 669 | 1 | 2014-01-15 | p. 215e-227e | 0035-3264 | |
| 856 | 4 | 1 | _uhttps://shs.cairn.info/revue-historique-2014-1-page-215e?lang=fr&redirect-ssocas=7080 |
| 999 |
_c1652454 _d1652454 |
||